| 000 | 00507nam a22001817a 4500 | ||
|---|---|---|---|
| 005 | 20170321153321.0 | ||
| 010 | _aENG-117536 | ||
| 020 |
_a9789382632122 _c675.00 |
||
| 035 | _aEN-101068 | ||
| 037 | _bDBAD/PUB | ||
| 082 | _a664 | ||
| 100 | _aSingh, Laxmi | ||
| 245 |
_aEssential of food science / _cby Laxmi Singh |
||
| 260 |
_aAllahabad _bAprajita Publication _c2015 |
||
| 270 |
_a5, Khusro bagh Road _bAllahabad _e211001 |
||
| 300 |
_a224p. _c21cm(Hb) |
||
| 942 |
_2ddc _cEN _h664 _mSIN |
||
| 999 |
_c138379 _d138379 |
||